000 01372nam a22003017a 4500
001 5262
003 FISKH
005 20241121150034.0
008 241121b cb ||||| |||| 00| 0 eng d
020 _a9780545263634
040 _aFISKH
_beng
_cFISKH
_dFISKH
050 _aTJ163.L436
082 _a333.79
100 _aLeedy, Loreen
_d(1959-)
245 _aThe schocking truth about energy /
_cWritten and illustrated by Loreen Leedy
250 _aFirst printing in 2010
260 _aNew York :
_bScholastic,
_c2010.
300 _a32 pages :
_bColor illustrations ;
_c23 cm
505 _aR
520 _aComical characters explain the basics, including the many forms energy can take. Readers can learn how energy changes from one form to another so that the Sun's energy can end up in a lunch box and eventually in people's muscles. Easy-to-follow diagrams show different ways energy can be harnessed. For a green look at the topic, the pros and cons of each form of energy are outlined, and tips on how to use energy sensibly are included. This high-voltage introduction to energy combines physical science and environmental science with fun.
521 8 _a720L
_bLexile
521 8 _aR
_bRaz-Plus
650 _2Energy
_aElectricity
650 _2Non-fiction
_aScience
700 _aLeedy, Loreen
_dIllustrator
942 _2ddc
_cBK
_n0
999 _c5262
_d5262